000 00529pab a2200145 454500
008 180718b xxu||||| |||| 00| 0 eng d
100 _aKale S.G.
245 _aThe role of privatisation in promoting local government with special reference to metropolitan areas
362 _a44(3), Jul-Sep 1993, p.105-11
650 _a Privatisation -- India
650 _a Government Ownership -- India
650 _aLocal Government -- India
773 _aQuarterly Journal of the All-India Institute of Local Self Government
909 _a26884
999 _c26884
_d26884